SWOT analýza - účinný prostriedok v ohodnocovacom procese podniku
SWOT analýza - jeje ciele. Konfrontácia vnútorného prostredia podniku s vonkajším okolím podniku, ktorej výsledkom je pozícia podniku v porovnaní s konkurenciou. Analýza príležitostí a ohrození. Analýza silných a slabých stránok. Aplikácia SWOT analýzy. Vyhodnotenie SWOT analýzy - jasný prehľad o si...
Gespeichert in:
| 1. Verfasser: | |
|---|---|
| Weitere Verfasser: | |
| Format: | Buchkapitel |
| Sprache: | Slowakisch |
| Schlagworte: | |
| Tags: |
Keine Tags, Fügen Sie das erste Tag hinzu!
|
MARC
| LEADER | 00000naa$a2200000$$$4500 | ||
|---|---|---|---|
| 001 | 0089105 | ||
| 005 | 20231106074113.9 | ||
| 041 | 0 | |a slo | |
| 044 | |a SK | ||
| 245 | 1 | 0 | |a SWOT analýza - účinný prostriedok v ohodnocovacom procese podniku |c Anna Križanová, Mikuláš Szilágyi |
| 520 | |a SWOT analýza - jeje ciele. Konfrontácia vnútorného prostredia podniku s vonkajším okolím podniku, ktorej výsledkom je pozícia podniku v porovnaní s konkurenciou. Analýza príležitostí a ohrození. Analýza silných a slabých stránok. Aplikácia SWOT analýzy. Vyhodnotenie SWOT analýzy - jasný prehľad o situácii vo vnútornom a vonkajšom prostredí podniku. | ||
| 610 | 2 | 0 | |a podnik |
| 610 | 2 | 0 | |a analýza swot |
| 610 | 2 | 0 | |a výskum podnikový |
| 610 | 2 | 0 | |a ohodnocovanie podniku |
| 100 | 1 | |a Križanová, Anna | |
| 700 | 1 | |a Szilágyi, Mikuláš | |